| 000 | 00332cam a22001217a 4500 | ||
|---|---|---|---|
| 008 | 180718b1995 xxu||||| |||| 00| 0 eng d | ||
| 020 | _a81700420003 | ||
| 100 | _aHabib, Irfan | ||
| 245 |
_aBhartiya itihas ki vyakhya aur Marxvad (Hindi) _cby Irfan Habib |
||
| 260 |
_aDelhi _bVivek _c1995 |
||
| 300 | _a125p. | ||
| 650 | _aHindi-history | ||
| 999 |
_c405782 _d405782 |
||